[Event "Julian Mazur Memorial"]
[Site "Wellington Chess Club"]
[Date "2023.08.17"]
[Round "5.1"]
[White "Dive, Russell"]
[Black "Archer, Ollie"]
[Result "1/2-1/2"]
[WhiteElo "2327"]
[BlackElo "2158"]

1. d4 d5 2. c4 e6 3. Nc3 Nf6 4. Nf3 Nbd7 5. cxd5 exd5 6. Bf4 Bb4 7. Qb3 c5 8.
dxc5 Qa5 9. a3 Bxc3+ 10. Qxc3 Qxc3+ 11. bxc3 Nxc5 12. Be5 Bf5 13. Bxf6 gxf6 14.
Nd4 Bg6 15. h4 h5 16. g3 Ne4 17. Bh3 Nxc3 18. Rc1 Ne4 19. Rc7 O-O 20. O-O Nd6
21. Rfc1 a6 22. a4 Rfd8 23. R1c3 b5 24. Nc6 Re8 25. Ne7+ Kg7 26. R3c6 Red8 27.
Bg2 bxa4 28. Bxd5 Nb5 29. Rb7 Rxd5 30. Nxd5 Be4 31. Rd7 a3 32. Rc1 a2 33. Ra1
Bf5 34. Re7 Be6 35. Nf4 Kf8 36. Rxe6 fxe6 37. Rxa2 Ke7 38. Nxh5 a5 39. Ra4 Nc3
40. Rc4 Nd5 41. Nf4 Nxf4 42. Rxf4 a4 43. Rb4 a3 44. Rb1 a2 45. Ra1 Kd6 46. Kg2
Kd5 47. Kf3 Kc4 48. g4 Kb3 49. g5 fxg5 50. hxg5 Rf8+ 51. Ke3 Kb2 52. Rxa2+ Kxa2
53. f4 Kb3 54. Ke4 Rf5 55. g6 Rf6 56. g7 Rg6 57. Ke5 Kc4 58. e4 Kc5 59. f5 exf5
60. exf5 Rxg7 61. f6 Rg2 62. f7 Rf2 63. Ke6 Kc6 64. Ke7 Re2+ 65. Kd8 Rf2 66.
Ke8 Rxf7 67. Kxf7 1/2-1/2

[Event "Julian Mazur Memorial"]
[Site "Wellington Chess Club"]
[Date "2023.08.17"]
[Round "5.2"]
[White "Winter, Ryan"]
[Black "Sellen, Ian"]
[Result "1/2-1/2"]
[WhiteElo "2256"]
[BlackElo "2039"]

1. e4 e5 2. Nf3 Nc6 3. Bb5 a6 4. Ba4 Nf6 5. Qe2 d6 6. c3 Be7 7. O-O O-O 8. d4
b5 9. Bc2 Bg4 10. Rd1 Qc8 11. Be3 Qb7 12. Nbd2 Rfe8 13. d5 Nb8 14. a4 c6 15.
dxc6 Nxc6 16. Bd3 b4 17. c4 Nd7 18. h3 Bh5 19. g4 Bg6 20. Nf1 Nc5 21. Bxc5 dxc5
22. Ne3 h5 23. Nd5 hxg4 24. hxg4 Qd7 25. Nh2 Nd4 26. Qf1 Rad8 27. Qg2 Bg5 28.
Nf1 Nb3 29. Ra2 Nc1 30. Ra1 Nb3 1/2-1/2

[Event "Julian Mazur Memorial"]
[Site "Wellington Chess Club"]
[Date "2023.08.17"]
[Round "5.3"]
[White "Cilia Vincenti, David"]
[Black "Ker, Anthony"]
[Result "1-0"]
[WhiteElo "2124"]
[BlackElo "2399"]

1. c4 c5 2. g3 g6 3. Bg2 Bg7 4. Nc3 Nc6 5. Nf3 d6 6. O-O e5 7. a3 a5 8. Ne1 Be6
9. d3 Nge7 10. Bg5 f6 11. Bd2 Rb8 12. Nc2 d5 13. Nxd5 Nxd5 14. cxd5 Bxd5 15.
Bxd5 Qxd5 16. Ne3 Qe6 17. b4 axb4 18. axb4 cxb4 19. Qa4 Bf8 20. Rfb1 Kf7 21.
Nc2 b5 22. Qb3 Qxb3 23. Rxb3 Be7 24. Bxb4 Rb7 25. Bxe7 Kxe7 26. Rab1 Rhb8 27.
Nb4 Kd6 28. Nxc6 Kxc6 29. Rc1+ Kd6 30. g4 Rc7 31. Rcb1 Rc5 32. f3 Kc6 33. Kf2
Ra8 34. R3b2 Ra4 35. Ke3 Kb6 36. h4 Ka5 37. Rh1 b4 38. h5 g5 39. Rhb1 Rb5 40.
Rc1 b3 41. Rc3 Rab4 42. Kd2 Ka4 43. Kc1 Rb7 44. Kb1 R4b6 45. Rc4+ Ka3 46. Rc3
Ka4 47. Rc4+ Rb4 48. Rc6 Rf4 49. Rd2 Kb5 50. Rc3 Rb4 51. Kb2 Rf7 52. Rxb3 f5
53. Rxb4+ Kxb4 54. gxf5 Rxf5 55. Rc2 Rf4 56. Rc7 g4 57. fxg4 Rxg4 58. Rxh7 Rg2
59. Rb7+ Kc5 60. Kc3 Rh2 61. e4 Rxh5 62. Rd7 Kc6 63. Rd5 Rg5 64. Kd2 Rh5 65.
Ke3 Rh3+ 66. Kf2 Kc7 67. Ke2 Rh5 68. Kf3 Rg5 69. d4 Kc6 70. Rxe5 Rxe5 71. dxe5
Kd7 72. Kg4 Ke6 73. Kf4 Ke7 74. Kf5 Kf7 75. e6+ Ke7 76. Ke5 Ke8 77. Kf6 Kf8 78.
e7+ Ke8 79. e5 1-0

[Event "Julian Mazur Memorial"]
[Site "Wellington Chess Club"]
[Date "2023.08.17"]
[Round "5.4"]
[White "Timergazi, Layla"]
[Black "Young, Cohen"]
[Result "1/2-1/2"]
[WhiteElo "2137"]
[BlackElo "2099"]

1. d4 Nf6 2. c4 e6 3. Nc3 Bb4 4. g3 O-O 5. Bg2 d5 6. Nf3 dxc4 7. O-O Nc6 8. a3
Be7 9. Qa4 Nxd4 10. Rd1 Nxf3+ 11. Bxf3 Bd7 12. Qxc4 Qc8 13. Bg5 Re8 14. Rd2 c5
15. Bxf6 Bxf6 16. Ne4 Be7 17. Nd6 Bxd6 18. Rxd6 Qc7 19. Rad1 Re7 20. b4 Ba4 21.
R1d2 Rc8 22. bxc5 Be8 23. Qh4 f6 24. Be4 Bg6 25. Rc2 Rd8 26. Bxg6 hxg6 27. Rcd2
Rxd6 28. Rxd6 Qxc5 29. Rd8+ Kf7 30. Rh8 Re8 31. Rxe8 Kxe8 32. Qa4+ Ke7 33. h3
a6 34. Qe4 Qc7 35. Qxg6 Kd6 36. h4 b5 37. h5 a5 38. Qd3+ Kc5 39. Qe3+ Kd6 40.
Qd4+ Ke7 41. g4 Qc1+ 42. Kg2 Qxa3 43. g5 Qc1 44. e3 Qc6+ 45. Kg3 Qc7+ 46. f4 e5
47. Qe4 Kf8 48. h6 exf4+ 49. exf4 gxh6 50. gxh6 Qc3+ 51. Kg4 Qc8+ 52. Kh4 f5
53. Qe5 Qd8+ 54. Kh5 Qd1+ 55. Kg6 Qg4+ 56. Kf6 Qh4+ 57. Kg6 Qg4+ 58. Kf6
1/2-1/2

[Event "Julian Mazur Memorial"]
[Site "Wellington Chess Club"]
[Date "2023.08.17"]
[Round "5.5"]
[White "Langford, Josh"]
[Black "McConnell, Jack"]
[Result "1-0"]
[WhiteElo "2137"]
[BlackElo "1640"]

1. e4 c5 2. Nf3 Nc6 3. d4 cxd4 4. Nxd4 e6 5. Nc3 Qc7 6. g3 a6 7. Bg2 Nf6 {The
plans I was most familiar with in this position involved transposing into a g3
Scheveningen, but I was somewhat unsure about move-orders.} 8. O-O d6 {This
move invites the exchange on c6. Black can avoid this line with 8...Be7 or
8...Nxd4.} 9. Nxc6 bxc6 10. Re1 Be7 $6 {Definitely somewhat of an inaccuracy,
based on a very nice tactic for White which prevents Black's optimal set-up
with pawns on e5, d6, and c6.}  (10... e5 {Inserting this move first would have
ensured Black was not prevented from estalishing this pawn structure. There are
also other more restrained options for Black.} 11. b3 Be7 12. Na4 O-O 13. c4
{This line would lead to a strategic battle where White has a small
advantage.} ) 11. e5 $1 dxe5 12. Rxe5 O-O 13. Re1 Nd5 {This move was a somewhat
temporary way to relieve pressure on the c6-pawn. It's definitely possible for
Black to play more accurately, but all lines are slightly uncomfortable.}  (
13... Rd8 14. Qe2 Bb7 15. Bf4 Bd6 16. Bxd6 Rxd6 17. Qe5 {This line was a strong
consideration for both sides, but Black has a difficult path ahead with the
split queenside pawns and weak dark squares.} ) 14. Ne4 {Extremely natural, but
Na4 might have put more pressure on Black's queenside weaknesses, while
avoiding any future f5 with tempo.} 14... e5 15. c4 Nb6 16. b3 (16. Bg5 {This
move is stockfish's top suggestion, and my opponent mentioned it was a strong
consideration during the game. A trade of dark-squared bishops is obviously
favourable to White, but both of us were uncertain about the position after
16...f6} 16... f6 17. Be3 Be6 18. b3 Nd7) 16... f5 {Black's structural
weaknesses demand active play to compensate.} 17. Nd2 (17. c5 $5 {This line
maintains a small advantage for White.} 17... Nd5 18. Nd6 e4 19. Bb2 Bxd6 20.
cxd6 Qxd6 21. f3 {Black's pawns are going to wind up overextended.} ) 17... Bf6
$6 {Black had an opportunity to install a problematic pawn wedge.}  (17... e4
18. f3 {This move was my concern, as I thought White might simply dissolve my
advanced pawns.} 18... Nd7 $1 19. fxe4 Bc5+ 20. Kh1 Ne5 {Black gets incredible
activity and has an extremely strong advantage, though White can play much more
soundly than with 18.f3} 21. exf5 Bxf5 22. Ne4 Rad8 23. Qh5 Bb4 24. Bg5 Rd4)
18. Bb2 Bb7 $2 {This is a large mistake according to Stockfish.} 19. Qe2 $5
{Still a strong move, but missing White's more forcing option.}  (19. c5
{Gaining a key square for the White knight.} 19... Nd5 20. Nc4 e4 21. Bxf6 Rxf6
22. Nd6 {Black is in huge trouble with this excellent knight deep in the
position.} ) 19... Rfe8 $2 {Allowing the same line from White} 20. Nf3 $6 {The
knight travels in a direction which gives Black an opportunity to cover their
weaknesses.} 20... Nd7 21. Rad1 Re7 $2 {It turns out maintaining the tension
was the wrong approach in this position. In almost all instances Black's best
option was to push e5-e4, freeing their pieces from its defence.} 22. h4 $6
Rae8 $6 {Had either side pushed c5 they would have had a fairly stable
advantage.}  (22... c5 23. Nh2 e4 24. Bxf6 Nxf6 25. Qd2 g6 26. Nf1) 23. h5 $6
h6 $6 24. Bh3 e4 25. Nd4 f4 $2 {Black wasn't forced to make this desperate pawn
thrust and could have gained a slight edge with 25...Bxd4}  (25... Bxd4 26.
Bxd4 c5 27. Ba1 Ne5 28. Bxe5 Rxe5 {With more space, Black stands slightly
better.} ) 26. Nf5 Bxb2 27. Nxe7+ Rxe7 28. Qxb2 f3 $2 {After this move, white
can fairly easily simplify the position, though White should be winning
regardless.} 29. Qd4 Nf6 30. Qd8+ Qxd8 31. Rxd8+ Kf7 32. Bf5 Nxh5 33. Rxe4 1-0

[Event "Julian Mazur Memorial"]
[Site "Wellington Chess Club"]
[Date "2023.08.17"]
[Round "5.6"]
[White "Jackson, Ross"]
[Black "Loke, Kayden"]
[Result "0-1"]
[WhiteElo "1925"]
[BlackElo "2045"]

1. d4 c5 2. d5 e5 3. c4 d6 4. e4 Be7 5. Bd3 Bg5 6. Nd2 Qf6 7. Qa4+ Kf8 8. Ngf3
Ne7 9. Nxg5 Qxg5 10. g3 Bh3 11. Bf1 Qh5 12. Be2 Qg6 13. Bf1 Bxf1 14. Rxf1 Qh5
15. h4 Qg4 16. Qd1 Qxd1+ 17. Kxd1 Nd7 18. b3 h5 19. Nb1 f6 20. Nc3 a6 21. Be3
Kf7 22. Kd2 Rhb8 23. f4 b5 24. fxe5 Nxe5 25. cxb5 axb5 26. Bf4 N7g6 27. Bxe5
Nxe5 28. Ne2 Ra3 29. Rfc1 Rba8 30. Rc2 Rxb3 31. axb3 Rxa1 32. Nc3 Nf3+ 33. Kd3
0-1

[Event "Julian Mazur Memorial"]
[Site "Wellington Chess Club"]
[Date "2023.08.17"]
[Round "5.7"]
[White "Rossiter, Philip E"]
[Black "Benitez, Edgar"]
[Result "1/2-1/2"]
[WhiteElo "1794"]
[BlackElo "1903"]

1. Nf3 d5 2. b3 Nf6 3. Bb2 Bf5 4. e3 e6 5. Be2 Nbd7 6. O-O Bd6 7. d4 O-O 8.
Nbd2 c6 9. c4 h6 10. Rc1 Rc8 11. c5 Bc7 12. b4 a6 13. Bc3 Ne4 14. Nxe4 dxe4 15.
Ne5 Nf6 16. a4 Nd5 17. Qd2 Qg5 18. Kh1 Rfd8 19. Rfd1 f6 20. Nc4 e5 21. Qe1 Be6
22. dxe5 fxe5 23. Bb2 Rd7 24. Nb6 Bxb6 25. cxb6 Rf8 26. Bc4 Qf6 27. Kg1 Kh8 28.
b5 axb5 29. axb5 cxb5 30. Bxb5 Rdf7 31. Ba3 Rd8 32. Bc4 Rfd7 33. Bb5 Rf7 34.
Bc4 Rfd7 35. Bb5 Rf7 36. Bc4 Rfd7 37. Bb5 1/2-1/2

[Event "Julian Mazur Memorial"]
[Site "Wellington Chess Club"]
[Date "2023.08.17"]
[Round "5.8"]
[White "Hall, Nathan"]
[Black "Qu, Lucas"]
[Result "1-0"]
[WhiteElo "1895"]
[BlackElo "1628"]

1. e4 e5 2. Nf3 Nc6 3. Bc4 Bc5 4. c3 Nf6 5. d4 exd4 6. e5 d5 7. Bb5 Ne4 8. cxd4
Bb4+ 9. Nbd2 O-O 10. O-O Ne7 11. Qa4 Nxd2 12. Nxd2 Bxd2 13. Bxd2 c6 14. Be2 Nf5
15. Rad1 a5 16. Bf4 Bd7 17. Qc2 Qb6 18. Qd2 Be6 19. g4 Ne7 20. Be3 f6 21. f4 f5
22. h3 Qc7 23. Kh1 Qd7 24. Rg1 Kh8 25. Rg2 b5 26. Rdg1 a4 27. Bd3 Ng6 28. Qf2
c5 29. dxc5 d4 30. Bxd4 Bd5 31. gxf5 Nh4 32. e6 Qe7 33. f6 gxf6 34. Qxh4 Bxg2+
35. Rxg2 Rad8 36. f5 Qb7 37. Bxf6+ 1-0

[Event "Julian Mazur Memorial"]
[Site "Wellington Chess Club"]
[Date "2023.08.17"]
[Round "5.9"]
[White "Stoeveken, Peter"]
[Black "Aldridge, Alan"]
[Result "1/2-1/2"]
[WhiteElo "1743"]
[BlackElo "1894"]

1. d4 Nf6 2. c4 e6 3. Nc3 Bb4 4. Bg5 c5 5. Nf3 d5 6. e3 Nbd7 7. Bd3 O-O 8. O-O
cxd4 9. exd4 dxc4 10. Bxc4 Nb6 11. Bb3 h6 12. Bh4 Be7 13. Qd3 Nbd5 14. Nxd5
exd5 15. Qb5 a6 16. Qd3 Be6 17. Bxf6 Bxf6 18. Bc2 g6 19. Qd2 Kg7 20. Rfe1 Rc8
21. Rac1 Qd6 22. h3 Rc6 23. Ba4 Rxc1 24. Rxc1 Rc8 25. Rxc8 Bxc8 26. Bb3 Bf5 27.
Ne5 Bxe5 28. dxe5 Qxe5 29. Qxd5 Qxd5 1/2-1/2

[Event "Julian Mazur Memorial"]
[Site "Wellington Chess Club"]
[Date "2023.08.17"]
[Round "5.10"]
[White "Thirkell, Zachary"]
[Black "Keith, Matthew"]
[Result "1-0"]
[WhiteElo "1799"]
[BlackElo "1855"]

1. d4 Nf6 2. Bg5 Ne4 3. Bf4 d5 4. f3 Nf6 5. e3 Bf5 6. Bd3 e6 7. Ne2 Bd6 8. Bg3
Bxd3 9. Qxd3 h5 10. Bh4 Nbd7 11. e4 Be7 12. e5 Ng8 13. Bxe7 Nxe7 14. Nd2 a6 15.
a4 c5 16. c3 Nf5 17. Nf1 cxd4 18. cxd4 Rc8 19. Ne3 Nxe3 20. Qxe3 Qa5+ 21. Qd2
Qxd2+ 22. Kxd2 Ke7 23. Rhc1 Nb6 24. b3 Rh6 25. Rxc8 Nxc8 26. Nc1 Rg6 27. g3 f6
28. Nd3 fxe5 29. Nxe5 Rf6 30. Rg1 Nd6 31. g4 hxg4 32. Rxg4 Nf5 33. Kd3 Rh6 34.
Rg2 Kf8 35. Nd7+ Ke8 36. Nc5 b6 37. Nxa6 Rh4 38. Nc7+ Kd7 39. Nb5 Rh3 40. Ke2
Kd8 41. b4 Kc8 42. Rf2 Rh4 43. Kd3 e5 44. dxe5 Rxb4 45. Nd6+ Nxd6 46. exd6 Rxa4
47. Rg2 Rh4 48. Rxg7 Rxh2 49. Kd4 Rf2 50. Kxd5 Rxf3 51. Kc6 Rc3+ 52. Kxb6 Rc1
53. Rc7+ 1-0

[Event "Julian Mazur Memorial"]
[Site "Wellington Chess Club"]
[Date "2023.08.17"]
[Round "5.11"]
[White "Joseph, Joji Chacko"]
[Black "Forster, Bill"]
[Result "1/2-1/2"]
[WhiteElo "1305"]
[BlackElo "2016"]

1. e4 c5 2. Nf3 a6 3. d4 cxd4 4. Nxd4 e5 5. Nf3 Nf6 6. Bc4 Be7 7. O-O d6 8. Nc3
O-O 9. Bg5 Nbd7 10. Nh4 Nc5 11. Bxf6 Bxf6 12. Nf5 Nxe4 13. Nxe4 Bxf5 14. Nxd6
Bxc2 15. Qxc2 Qxd6 16. Rad1 Qe7 17. b3 Rac8 18. Qe4 g6 19. Rfe1 Rfd8 20. Rxd8+
Rxd8 21. f4 $6 Rd4 $2 {Black couldn't find a better continuation but actually}
(21... Qc5+ 22. Kh1 b5 {works out well for him} ) 22. Qxd4 exd4 23. Rxe7 Bxe7
{Now of course the game is a dead draw} 24. Kf2 Kg7 25. a4 Bb4 26. Ke2 a5 27.
Kd3 Bc3 28. Bd5 b6 29. Bc4 Kf6 30. Ke4 Bd2 31. Kf3 Be3 32. Ke4 Ke7 33. Kd3 $4
Bxf4 34. g3 Be3 35. Ke4 Bg1 36. h3 f6 37. Bg8 h6 38. Bh7 $4 g5 $4 (38... Kf7 $1
{as pointed out after the game by Andrew Brockway} ) 39. Kf3 {The end of this
game was rather spoiled by starting with a mis-configured clock, both players
were artificially under time pressure until this was noticed and corrected, a
draw seemed a fair result} 1/2-1/2

[Event "Julian Mazur Memorial"]
[Site "Wellington Chess Club"]
[Date "2023.08.17"]
[Round "5.12"]
[White "Moses, Christopher"]
[Black "Sethuramalingam, Karthik"]
[Result "0-1"]
[WhiteElo "1879"]
[BlackElo "1730"]

1. e4 c6 2. d4 d5 3. f3 e6 4. Nc3 Bb4 5. Bd2 Bxc3 6. bxc3 dxe4 7. Bf4 Nf6 8.
Bg5 h6 9. Bh4 Qa5 10. Qd2 exf3 11. Bxf6 fxg2 12. Bxg2 gxf6 13. Nf3 Nd7 14. O-O
Nb6 15. Qf4 Nd5 16. Qd6 Qxc3 17. Rae1 Rg8 18. Rf2 Bd7 19. Rb1 O-O-O 20. Rb3 Qa5
21. c4 Be8 22. Qa3 Qxa3 23. Rxa3 Nf4 24. Rxa7 Nh3+ 25. Kf1 Nxf2 26. Kxf2 Kb8
27. Ra5 f5 28. c5 f6 29. Bf1 Bh5 30. Bc4 Rge8 31. Ra4 Bxf3 32. Kxf3 Rxd4 33.
Ke3 e5 34. Rb4 Rg8 0-1

[Event "Julian Mazur Memorial"]
[Site "Wellington Chess Club"]
[Date "2023.08.17"]
[Round "5.13"]
[White "Evans, Oliver"]
[Black "Pollock, Gavin"]
[Result "1/2-1/2"]
[WhiteElo "1571"]
[BlackElo "1825"]

1. e4 c5 2. Nf3 d6 3. d4 cxd4 4. Nxd4 Nf6 5. Nc3 a6 6. g3 e5 7. Nde2 Be7 8. Bg2
Be6 9. O-O Nbd7 10. Re1 Qb6 11. Be3 Qxb2 12. Rb1 Qa3 13. Rxb7 Rc8 14. Qd2 h6
15. Reb1 Ng4 16. R7b4 Qa5 17. Ra4 Qc7 18. f3 Nxe3 19. Qxe3 d5 20. exd5 Bc5 21.
Nd4 exd4 22. Qe1 dxc3+ 23. Kh1 O-O 24. dxe6 fxe6 25. Qxe6+ Kh8 26. f4 Rf6 27.
Qg4 a5 28. Rb7 Qd8 29. Rxd7 Qf8 30. Rxg7 Re8 31. Bc6 Re1+ 32. Kg2 Rxc6 33. Qd7
Qxg7 34. Qxc6 Rg1+ 35. Kh3 h5 36. Qe8+ Kh7 37. Qxh5+ Kg8 38. Rxa5 Qd7+ 39. f5
Qc6 40. Qg4+ Kf8 41. Qe2 Qh6+ 42. Kg4 Qg7+ 43. Kf3 Qb7+ 44. Kg4 Qb4+ 45. Kh3
Qxa5 46. Qh5 Bd4 47. Qh6+ Bg7 48. Qd6+ Kg8 49. Qe6+ Kh8 50. Qe8+ Kh7 51. Qh5+
Kg8 52. Qe8+ Kh7 53. Qh5+ Kg8 54. Qe8+ 1/2-1/2

[Event "Julian Mazur Memorial"]
[Site "Wellington Chess Club"]
[Date "2023.08.17"]
[Round "5.15"]
[White "Tanoi, Edward"]
[Black "Katkodia, Ali"]
[Result "0-1"]
[WhiteElo "1934"]
[BlackElo "1609"]

1. Nf3 g6 2. d4 Nf6 3. Nc3 Bg7 4. e4 d6 5. Be3 O-O 6. Qd2 c6 7. Be2 Qc7 8. e5
dxe5 9. dxe5 Ng4 10. Bf4 Qb6 11. O-O Nd7 12. e6 fxe6 13. Ng5 Nde5 14. h3 Nh6
15. Na4 Qc7 16. Nc5 Nf3+ 17. Bxf3 Qxf4 18. Qxf4 Rxf4 19. Ngxe6 Rc4 20. c3 Bf6
21. Rfd1 Nf7 22. Be2 Bxe6 23. Nxe6 Re4 24. Nc7 Rc8 25. Bd3 Re5 26. f4 Re3 27.
Kf2 Rxd3 28. Rxd3 Rxc7 29. Kf3 Kg7 30. Rad1 Nd6 31. a4 Nc4 32. b3 Nb6 33. a5
Nd5 34. c4 Nb4 35. Rd7 Na6 36. Rxc7 Nxc7 37. Rd7 Ne6 38. Rxb7 Nc5 39. Rxa7 Nxb3
40. a6 Nd4+ 41. Ke4 Ne6 42. Rxe7+ 0-1

[Event "Julian Mazur Memorial"]
[Site "Wellington Chess Club"]
[Date "2023.08.17"]
[Round "5.16"]
[White "Farrington, Lawrence"]
[Black "Brockway, Andrew"]
[Result "1/2-1/2"]
[WhiteElo "1506"]
[BlackElo "1675"]

1. e4 c6 2. d4 d5 3. exd5 cxd5 4. c4 Nf6 5. Nc3 Nc6 6. Nf3 Bg4 7. Be2 h6 8. Be3
e6 9. cxd5 Nxd5 10. Nxd5 Qxd5 11. h3 Bh5 12. O-O Be7 13. a3 O-O 14. Rc1 Rfc8
15. Qd2 Na5 16. Rxc8+ Rxc8 17. Rc1 Rxc1+ 18. Qxc1 Nc6 19. b4 Qd8 20. Qd1 Bf6
21. Kf1 Ne7 22. g4 1/2-1/2

[Event "Julian Mazur Memorial"]
[Site "Wellington Chess Club"]
[Date "2023.08.17"]
[Round "5.17"]
[White "Ulm, Joy"]
[Black "Hill, Matthew"]
[Result "1-0"]
[WhiteElo "1664"]
[BlackElo "1364"]

1. d4 d5 2. c4 Be6 3. cxd5 Qxd5 4. Nc3 Qa5 5. e4 a6 6. Bd2 Qb6 7. Nf3 Bg4 8.
Nd5 Qd6 9. Bb4 Qd7 10. Rc1 c6 11. Nb6 Qe6 12. Nxa8 Kd8 13. Ba5+ Kd7 14. Ne5+
Kc8 15. Qxg4 Qxg4 16. Nxg4 Nd7 17. Nb6+ Nxb6 18. Bxb6 f6 19. d5 Kd7 20. dxc6+
bxc6 21. Bxa6 e5 22. O-O Bd6 23. Rfd1 Ne7 24. Rxd6+ Kxd6 25. Rd1+ Nd5 26. exd5
cxd5 27. b4 d4 28. a4 h5 29. Ne3 Kc6 30. Nc4 Kd5 31. Rc1 Rb8 32. a5 Ke6 33. Nd2
Kf7 34. Rc7+ Kg6 35. Bd3+ Kh6 36. h4 g6 37. Rc6 f5 38. Bxf5 Rg8 39. a6 e4 40.
Nxe4 d3 41. a7 d2 42. Nxd2 Kh7 43. Bxg6+ Kg7 44. Bd4+ Kh6 45. Bf5+ Rg6 46.
Rxg6+ Kh7 47. Rg4+ Kh6 48. Be3# 1-0

[Event "Julian Mazur Memorial"]
[Site "Wellington Chess Club"]
[Date "2023.08.17"]
[Round "5.18"]
[White "Marney, John"]
[Black "Tan, Jin"]
[Result "1-0"]
[WhiteElo "1658"]
[BlackElo "1236"]

1. e4 e5 2. Nf3 Nc6 3. Bc4 d6 4. d3 Be7 5. c3 Nf6 6. Bb3 h6 7. Nbd2 d5 8. exd5
Nxd5 9. Nc4 Bd6 10. h3 O-O 11. O-O Re8 12. Re1 b5 13. Nxd6 Qxd6 14. Nd2 b4 15.
Ne4 Qd8 16. Qf3 Na5 17. Bxd5 Qxd5 18. Nf6+ gxf6 19. Qxd5 Nb7 20. Bxh6 Rb8 21.
Qf3 Kh7 22. Qxf6 Rg8 23. Qxf7+ Kh8 24. Kh2 Nd6 25. Qxc7 Rb7 26. Qxd6 Kh7 27.
Rxe5 Rg6 28. Qf8 Rg8 29. Qf4 Rg6 30. Bf8 Be6 31. Rxe6 Rxe6 32. Qf5+ Rg6 33.
Bxb4 Rg7 34. Re1 Kh6 35. g4 Kh7 36. Re6 Kh6 37. Qh5# 1-0

[Event "Julian Mazur Memorial"]
[Site "Wellington Chess Club"]
[Date "2023.08.17"]
[Round "5.19"]
[White "Sova, Leo"]
[Black "Grant, Elliot"]
[Result "0-1"]
[WhiteElo "1645"]
[BlackElo "1200"]

1. e4 c5 2. c3 e5 3. Nf3 Nc6 4. Bb5 Nge7 5. d3 h6 6. Be3 d6 7. d4 Bd7 8. dxc5
dxc5 9. Bxc5 Qc7 10. O-O Rd8 11. Qc2 a6 12. Na3 Ng6 13. Bxf8 Nxf8 14. Bc4 b5
15. Bd5 Ng6 16. h3 O-O 17. Rad1 Qc8 18. Rfe1 Bxh3 19. gxh3 Nf4 20. Nh2 Qxh3 21.
f3 Rd6 22. Bxf7+ Rxf7 23. Rxd6 Qg3+ 24. Kf1 Qh3+ 25. Kf2 Qxh2+ 26. Ke3 Ng2+ 27.
Kf2 Nxe1+ 28. Kxe1 Qg1+ 29. Kd2 Rxf3 30. Qb3+ Kh7 31. Kc2 Qe3 32. Qd5 Na5 33.
Nb1 Nc4 34. Rd8 Qe2+ 35. Kb3 Qxb2# 0-1

[Event "Julian Mazur Memorial"]
[Site "Wellington Chess Club"]
[Date "2023.08.17"]
[Round "5.20"]
[White "Lavender, Ariel"]
[Black "Milsom, Marcel"]
[Result "1-0"]
[WhiteElo "1603"]
[BlackElo "1000"]

1. d4 Nf6 2. Nf3 d5 3. c4 e6 4. g3 Be7 5. Bg2 O-O 6. O-O dxc4 7. a4 Nc6 8. Na3
Bxa3 9. Rxa3 Re8 10. e3 e5 11. dxe5 Qxd1 12. Rxd1 1-0

[Event "Julian Mazur Memorial"]
[Site "Wellington Chess Club"]
[Date "2023.08.17"]
[Round "5.22"]
[White "He, Zachary"]
[Black "Fairbrother, Rebecca"]
[Result "1-0"]
[WhiteElo "1150"]
[BlackElo "918"]

1. e4 e5 2. Nc3 Nc6 3. Nf3 Nf6 4. Bc4 Bc5 5. O-O O-O 6. d3 d6 7. a3 Ng4 8. Nd5
Bxf2+ 9. Rxf2 Nxf2 10. Kxf2 Bd7 11. Be3 Qc8 12. Bb5 f5 13. Bxc6 Bxc6 14. Ne7+
Kh8 15. Nxc8 Ba4 16. Ne7 f4 17. Bd2 a5 18. Nh4 Rf6 19. Nd5 Rh6 20. Qg4 Bxc2 21.
Nxc7 Rd8 22. Bxa5 Bxd3 23. Ne6 Rg8 24. Rc1 Bxe4 25. Rc8 g6 26. Qg5 Rxc8 27.
Qf6+ Kg8 28. Qg7# 1-0

[Event "Julian Mazur Memorial"]
[Site "Wellington Chess Club"]
[Date "2023.08.17"]
[Round "5.24"]
[White "Chang, Luke"]
[Black "He, Jacob"]
[Result "1-0"]
[WhiteElo "1632"]
[BlackElo "889"]

1. e4 e5 2. Nf3 Nf6 3. Bc4 Nc6 4. d4 Bd6 5. O-O h6 6. Nxe5 Nxe5 7. dxe5 Bxe5 8.
f4 Bd6 9. e5 Bc5+ 10. Kh1 Ne4 11. Qd5 O-O 12. Qxe4 d6 13. e6 fxe6 14. Bxe6+
Bxe6 15. Qxe6+ Kh8 16. Nc3 Re8 17. Qg6 Qe7 18. Bd2 Bd4 19. Rae1 Qh4 20. Rxe8+
Rxe8 21. Qxe8+ Kh7 22. Qe4+ Kh8 23. Qxd4 b6 24. Re1 c5 25. Re8+ Kh7 26. Qe4+ g6
27. Qb7+ Qe7 28. Qxe7# 1-0

[Event "Julian Mazur Memorial"]
[Site "Wellington Chess Club"]
[Date "2023.08.17"]
[Round "5.25"]
[White "Ravi, Vrajesh"]
[Black "Pham, Anthony"]
[Result "1-0"]
[WhiteElo "1102"]
[BlackElo "1000"]

1. e4 e5 2. Nf3 Nc6 3. Bc4 Bc5 4. c3 d6 5. d4 exd4 6. cxd4 Bb4+ 7. Nc3 Bxc3+ 8.
Bd2 Bxb2 9. Ng5 Qf6 10. Nxf7 Bxd4 11. O-O Be5 12. Nxh8 Nh6 13. Rb1 Ng4 14. g3
Bc3 15. Bxc3 Qh6 16. h4 g5 17. Bf7+ Kf8 18. h5 Be6 19. Bxe6 Qxh5 20. Bxg4 Qh6
21. Rxb7 Ke7 22. Rxc7+ Kd8 23. Rxc6 Ke8 24. Rxd6 Qf8 25. Re6+ Qe7 26. Bb4 Qxe6
27. Bxe6 Rd8 28. Qh5# 1-0

[Event "Julian Mazur Memorial"]
[Site "Wellington Chess Club"]
[Date "2023.08.17"]
[Round "5.26"]
[White "Darr, Samuel"]
[Black "Hupert, Leo"]
[Result "1-0"]
[WhiteElo "1598"]
[BlackElo "1350"]

1. e4 e5 2. Nf3 Nc6 3. Bc4 h6 4. c3 d6 5. d4 Bg4 6. h3 Bh5 7. Be3 Nf6 8. Nbd2
Bg6 9. Qb3 Rb8 10. Nh4 Qe7 11. Nxg6 fxg6 12. d5 Nd8 13. Bxa7 Rc8 14. O-O b6 15.
Be2 Nb7 16. Qb5+ Qd7 17. Qa6 Nc5 18. Qa3 Qa4 19. Qxa4+ Nxa4 20. Bb5+ Kf7 21.
Bxa4 Ra8 22. Bxb6 cxb6 23. Bc6 Rb8 24. f4 exf4 25. Rxf4 Kg8 26. b4 Kh7 27. a4
Be7 28. a5 bxa5 29. bxa5 Nh5 30. Rf7 Bf6 31. Ra3 Rb2 32. Nf3 Nf4 33. a6 Rhb8
34. Bb7 Re8 35. a7 Rxe4 36. a8=Q Re1+ (36... Ree2) 37. Nxe1 Bh4 1-0